Southville International School and Colleges
Your cart is empty.
  • Cart
  • Lists
    Public lists Eva Luna New books Lux_list list_1
    Your lists Log in to create your own lists
  • Log in to your account
  • Your cookies
  • Search history
Southville International School and Colleges
  • Advanced search
  • Recent comments
  • Most popular
  • Libraries

Log in to your account

Log in with GOOGLE


If you do not have an external account, but do have a local account, you can still log in:

  1. Home
  2. MARC view: Van Gogh /
Normal view MARC view ISBD view

Van Gogh / (Record no. 9342)

[ view plain ]
MARC details
000 -LEADER
fixed length control field 00973pam a2200277 a 4500
001 - CONTROL NUMBER
control field 2503086
003 - CONTROL NUMBER IDENTIFIER
control field SISC
005 - DATE AND TIME OF LATEST TRANSACTION
control field 20160317150350.0
008 - FIXED-LENGTH DATA ELEMENTS--GENERAL INFORMATION
fixed length control field 920204s1992 enkab 001 0 eng
010 ## - LIBRARY OF CONGRESS CONTROL NUMBER
LC control number 92007061
020 ## - INTERNATIONAL STANDARD BOOK NUMBER
International Standard Book Number 9781875566372
040 ## - CATALOGING SOURCE
Original cataloging agency DLC
Transcribing agency DLC
Modifying agency DLC
050 00 - LIBRARY OF CONGRESS CALL NUMBER
Classification number ND 653
Item number .F491 1993
082 00 - DEWEY DECIMAL CLASSIFICATION NUMBER
Classification number HS 796.41
Item number M23 2004
100 1# - MAIN ENTRY--PERSONAL NAME
Personal name Bernard, Bruce.
9 (RLIN) 13287
245 10 - TITLE STATEMENT
Title Van Gogh /
Statement of responsibility, etc Bruce Bernard.
250 ## - EDITION STATEMENT
Edition statement 1st American ed.
260 ## - PUBLICATION, DISTRIBUTION, ETC. (IMPRINT)
Place of publication, distribution, etc London ;
-- New York :
Name of publisher, distributor, etc Dorling Kindersley ;
Place of publication, distribution, etc Boston :
Name of publisher, distributor, etc Distributed by Houghton Mifflin,
Date of publication, distribution, etc 2000
300 ## - PHYSICAL DESCRIPTION
Extent 64 p. :
Other physical details ill. (some col.), col. map ;
Dimensions 29 cm.
440 #0 - SERIES STATEMENT/ADDED ENTRY--TITLE
Title Eyewitness art
9 (RLIN) 13288
500 ## - GENERAL NOTE
General note Includes index.
600 10 - SUBJECT ADDED ENTRY--PERSONAL NAME
Personal name Gogh, Vincent van,
Dates associated with a name 1853-1890
General subdivision Criticism and interpretation.
9 (RLIN) 13289
906 ## - LOCAL DATA ELEMENT F, LDF (RLIN)
a 7
b cbc
c orignew
d 1
e ocip
f 19
g y-gencatlg
942 ## - ADDED ENTRY ELEMENTS (KOHA)
Source of classification or shelving scheme Library of Congress Classification
Koha item type Books
Holdings
Withdrawn status Lost status Source of classification or shelving scheme Damaged status Home library Current library Shelving location Date acquired Total Checkouts Full call number Barcode Date last seen Date checked out Copy number Price effective from Koha item type
    Library of Congress Classification   Luxembourg Library Luxembourg Library High School Section 08/24/2013 2 ND 653 .F491 1993 7780 02/03/2025 01/27/2025 1 08/24/2013 Books

Van Gogh /

APA

Bernard B., . (2000). Van Gogh. London: Dorling Kindersley.

Chicago

Bernard Bruce, . 2000. Van Gogh. London: Dorling Kindersley.

Harvard

Bernard B., . (2000). Van Gogh. London: Dorling Kindersley.

MLA

Bernard Bruce, . Van Gogh. London: Dorling Kindersley. 2000.

  • Place hold
  • Print
  • Cite
  • Add to your cart (remove)
  • Save record
    BIBTEX Dublin Core MARCXML MARC (non-Unicode/MARC-8) MARC (Unicode/UTF-8) MARC (Unicode/UTF-8, Standard) MODS (XML) RIS
  • More searches
    Search for this title in:
    Other Libraries (WorldCat) Other Databases (Google Scholar) Online Stores (Bookfinder.com) Open Library (openlibrary.org)

Exporting to Dublin Core...

SOUTHVILLE LIBRARY

Southville International School and Colleges Library

1281 Tropical Ave. Cor. Luxembourg St., BF Homes International, Las Pinas City

Tel. No. 8256374 / 252358 Loc. 117/146

Powered by Koha